Nalaganje...

Extensioneducation

Bibliografske podrobnosti
Glavni avtor: Adivi Reddy A
Format: Printed Book
Jezik:Undetermined
English
Izdano: Bapatlr Sree lakshmi press 1971
Teme:
LEADER 00535nam a2200169Ia 4500
008 140306s9999 xx 000 0 und d
041 |a eng 
082 |a 630.715  |b ADI 
100 |a Adivi Reddy A 
245 |a Extensioneducation 
260 |a Bapatlr  |b Sree lakshmi press  |c 1971 
300 |a 1971 
650 |a Extension education 
650 |a extension methods 
942 |2 ddc  |c BK 
999 |c 50707  |d 50707 
952 |0 0  |1 0  |2 ddc  |4 0  |6 630_715000000000000_ADI  |7 0  |9 67025  |a KAUACV  |b KAUACV  |d 2004-05-03  |o 630.715 ADI  |p KAU_ACV-14493  |r 2014-03-22  |w 2014-03-22  |y BK